Statistics for E233系0番台の駅名対照表

Click here to take the quiz!

General Stats

  • This quiz has been taken 672 times
  • The average score is 63 of 87

Answer Stats

番号列車種別% Correct
01東京
95%
07快速
92%
04新宿
91%
39青梅
90%
75三鷹
89%
74中野
89%
45八王子
89%
15八王子
89%
06三鷹
89%
05中野
89%
81立川
88%
36立川
88%
16高尾
88%
12立川
88%
55大月
87%
19大月
87%
01回送
87%
06各駅停車
87%
02御茶ノ水
86%
09国分寺
86%
72御茶ノ水
86%
78国分寺
86%
14豊田
85%
77武蔵小金井
85%
09中央特快
85%
08武蔵小金井
85%
41奥多摩
83%
05普通
83%
10西国分寺
82%
21甲府
82%
37拝島
82%
79西国分寺
82%
80国立
82%
47拝島
82%
10青梅特快
82%
11国立
82%
11通勤快速
81%
32松本
81%
03試運転
81%
59河口湖
79%
17相模湖
79%
15ホリデー快速
78%
42武蔵五日市
78%
13日野
78%
68千葉
77%
08特別快速
77%
31塩尻
75%
07東小金井
75%
76東小金井
75%
24小淵沢
74%
12通勤特快
74%
28上諏訪
74%
50高麗川
73%
29下諏訪
73%
22竜王
72%
70津田沼
72%
02臨時
72%
58富士山
71%
20塩山
70%
27茅野
70%
71西船橋
69%
30岡谷
69%
73水道橋
68%
03水道橋
68%
04団体
67%
38河辺
67%
48箱根ヶ崎
66%
51川越
66%
18四方津
65%
23韮崎
65%
40御嶽
65%
62大宮
62%
25富士見
58%
69幕張
57%
49東飯能
51%
13ホリデー快速 おくたま
50%
14ホリデー快速 あきがわ
49%
64府中本町
47%
65川崎
42%
46小宮
42%
26青柳
42%
63東所沢
41%
52南古谷
38%
33明科
35%
56谷村町
30%
57東桂
29%
00(列車種別表示のみ)
11%

Score Distribution

Percentile by Number Answered

Percent of People with Each Score

Your Score History

You have not taken this quiz